10 największych miast w Hiszpanii - Statystyki

Ogólne statystyki
  • Ten quiz został rozwiązany 1 016 razy
  • Średni wynik to 6 z 10
Statystyki odpowiedzi
Liczba ludności % ludności Miasto % Poprawnych
1.605.602 3,4% Barcelona
100%
3.284.110 7,0% Madryt
100%
704.114 1,5% Sewilla
76%
353.950 0,7% Bilbao
72%
852.304 1,8% Walencja
70%
535.686 1,1% Malaga
50%
620.419 1,3% Zaragoza
34%
358.462 0,8% Palma de Mallorca
28%
377.888 0,8% Murcja
16%
370.649 0,8% Las Palmas
11%
Nie znaleziono quizów pasujących do podanych kryteriów
Rozkład punktacji
Procent ludzi z każdym wynikiem
Percentyl według liczby udzielonych odpowiedzi
Twoja historia wyników
Nie rozwiązałeś tego quizu